000 00479nam a2200169Ia 4500
008 220216s9999 xx 000 0 und d
100 _aCho K
245 4 _aThe effect of interfacial adhesion on toughening behaviour of rubber modified poly(methyl methacrylate)
260 _bPolymer
_c1997
300 _a5161-5167
650 _aInterfacial adhesion
650 _aPoly(methyl methacrylate)
650 _aToughening
700 _aPark C E
700 _aYang J
942 _cJS
999 _c70620
_d70620